000 005800000a22001810004500
003 MACL
005 20160529154652.0
008 160529b xxu||||| |||| 00| 0 eng d
040 _aMACL
_cMACL
041 _aHindi
082 _a891.433 RAS
100 _aरश्‍दी, सलमान
_960773
245 _aआधी रात की संतानें
_cसलमान रश्‍दी
260 _bवाण्‍ाी प्रकाशन
_c1999
_aनई दिल्‍ली
350 _a495
650 _aNovel
_960863
942 _cHIN
_k891.433/RAS/N
_2ddc
999 _c9187
_d9187